| Tag |
First Indicator |
Second Indicator |
Subfields |
| LEADER |
00000cam a2200000 a 4500 |
| 001 |
in00001146310 |
| 005 |
20150930094824.0 |
| 008 |
930406s1992 dcuab b 000 0 eng d |
| 035 |
|
|
|a (OCoLC)27866780
|
| 035 |
|
|
|9 AGB3908AM
|
| 040 |
|
|
|a IAI
|c IAI
|d TXA
|d UtOrBLW
|
| 043 |
|
|
|a n------
|
| 049 |
|
|
|a TXAS [knam]
|
| 090 |
|
|
|a QL681
|b .B625 no.23
|
| 090 |
|
|
|a QL696.P255
|b E55 1992
|
| 100 |
1 |
|
|a Ellison, Walter G.
|
| 245 |
1 |
0 |
|a Blue-gray gnatcatcher :
|b Polioptila caerulea /
|c Walter G. Ellison.
|
| 264 |
|
1 |
|a Washington, D.C. :
|b American Ornithologists' Union ;
|a Philadelphia, PA :
|b The Academy of Natural Sciences,
|c 1992.
|
| 300 |
|
|
|a 20 pages :
|b illustrations (some color), map ;
|c 28 cm.
|
| 336 |
|
|
|a text
|b txt
|2 rdacontent
|
| 337 |
|
|
|a unmediated
|b n
|2 rdamedia
|
| 338 |
|
|
|a volume
|b nc
|2 rdacarrier
|
| 490 |
1 |
|
|a The Birds of North America ;
|v no. 23
|
| 500 |
|
|
|a Caption title.
|
| 500 |
|
|
|a "Spanish: Perlita común, Perlita grisilla; French: Gobe-moucherons, Gris-bleu."
|
| 500 |
|
|
|a "Order Passeriformes; family Muscicapidae."
|
| 504 |
|
|
|a Bibliography: pages 17-19.
|
| 650 |
|
0 |
|a Blue-gray gnatcatcher.
|
| 650 |
|
0 |
|a Gnatcatchers.
|
| 710 |
2 |
|
|a American Ornithologists' Union.
|
| 710 |
2 |
|
|a Academy of Natural Sciences of Philadelphia.
|
| 830 |
|
0 |
|a Birds of North America ;
|v no. 23.
|
| 999 |
|
|
|a MARS
|
| 999 |
f |
f |
|s 4c089be8-a820-3d3b-9405-55169f9a8b92
|i d307bed7-2cb5-3e5b-ba66-fff3879c188b
|t 0
|
| 952 |
f |
f |
|p noncirc
|a Texas A&M University
|b College Station
|c Cushing Memorial Library & Archives
|d Cushing: Kincaid/North America (Remote Storage: 2-3 day retrieval)
|t 0
|e QL696.P255 E55 1992
|h Library of Congress classification
|i unmediated -- volume
|
| 952 |
f |
f |
|a Texas A&M University
|b College Station
|c Sterling C. Evans Library
|d Evans: Library Stacks
|t 0
|e QL681 .B625 no.23
|h Library of Congress classification
|
| 998 |
f |
f |
|a QL681 .B625 no.23
|t 0
|l Evans: Library Stacks
|
| 998 |
f |
f |
|a QL696.P255 E55 1992
|t 0
|l Cushing: Kincaid/North America (Remote Storage: 2-3 day retrieval)
|